000 00890nam a2200217Ia 4500
999 _c37523
_d37523
001 3487
003 GE_BSU
005 20190528195826.0
008 181216s1960|||| |||||||||||||| ||geo||
040 _cGE_BSU
041 _ageo
080 _a543.061 ე-78
100 _aერისთავი, დ.
_91780
245 _aთვისებითი ნახევრადმიკროანალიზი /
_cდ. ერისთავი ; რედ : ე. სალუქვაძე.
264 _aთბილისი :
_bსპი,
_c1960.
300 _a358 გვ .:
_bილ. და ცხრილ. 1ფ. სქემ. ;
_c22 სმ.
653 _aთვისებითი ნახევრადმიკროანალიზი
653 _aქიმია
700 _aსალუქვაძე, ე
_eრედაქტორი
_91781
942 _cBK
_2udc